000 00925nam a22002417a 4500
999 _c4312
_d4312
003 AR-CdUCM
008 190308b ||||| |||| 00| 0 spa d
040 _aMUNICIPALIDAD PROVINCIAL DEL CUSCO
_cBIBLIOTECA MUNICIPAL DEL CUSCO
082 _a745.2 /
_bH89
100 _aHuisman, Denis
_913626
245 _aLa estética industrial /
260 _aBarcelona :
_bOikos-tau,
_c1971.
300 _a125 páginas ;
_bilustraciones ;
_c18 cm.
440 _aColección ¿qué sé?
_n23
_913627
505 _aContenido: Origen de la estética industrial o la estética en formación -- Teoría de la estética industrial o el debate de la estética -- Práctica de la estética industrial o la estética en acción.
650 _aEstética
_9589
650 _aArte industrial
_913628
650 _aHistoria
_9136
650 _aDiseño industrial
_913629
700 _aPatrix, Georges
_913630
942 _2ddc
_cLIBROS
945 _azta